[Event "Olympiad-44"]
[Site "Chennai"]
[Date "2022.08.05"]
[Round "7.1"]
[White "Ortega Amarelle, Mariano"]
[Black "Khan, Taffin"]
[Result "1-0"]
[WhiteElo "2463"]
[BlackElo "2019"]
[PlyCount "102"]
[EventDate "2022.07.29"]
[EventType "team-swiss"]
[EventRounds "11"]
[EventCountry "IND"]
[SourceTitle "CBM 210"]
[Source "ChessBase"]
[SourceDate "2022.10.31"]
[SourceVersion "1"]
[SourceVersionDate "2022.10.31"]
[SourceQuality "1"]
[WhiteTeam "Kap Verde"]
[BlackTeam "Guyana"]
[WhiteTeamCountry "KAP"]
[BlackTeamCountry "GUY"]

1. d4 Nf6 2. c4 e6 3. Nc3 Bb4 4. e3 0-0 5. Bd3 d6 6. Nge2 Nc6 7. a3 Bxc3+ 8. Nxc3 e5 9. d5 Ne7 10. 0-0 Ne8 11. f4 f5 12. b4 e4 13. Be2 a5 14. Bb2 axb4 15. axb4 Rxa1 16. Qxa1 Bd7 17. Qa7 b6 18. Ra1 Ng6 19. g3 Nh8 20. Bd1 Nf7 21. Ra2 h6 22. Ba1 Kh7 23. Rg2 g5 24. Qa2 Rg8 25. Qd2 Qf6 26. Bb2 Qg6 27. Bc2 h5 28. h3 Nh6 29. fxg5 Qxg5 30. Qf2 h4 31. Ne2 Nf6 32. g4 Nfxg4 33. hxg4 Nxg4 34. Qf4 h3 35. Rg3 h2+ 36. Kh1 Qxf4 37. exf4 Ra8 38. Nc3 Kg6 39. Bd1 e3 40. Bxg4 fxg4 41. Rxe3 Rh8 42. Ne2 Rh7 43. Ng3 Ba4 44. f5+ Kf7 45. Nf1 Rh5 46. f6 Rf5 47. Nxh2 Rf4 48. Kg2 Rxc4 49. Kg3 Bd1 50. Bc3 Kg6 51. Nf1 Kf5 1-0

[Event "Olympiad-44"]
[Site "Chennai"]
[Date "2022.08.01"]
[Round "4.1"]
[White "Christie, Joshua"]
[Black "Khan, Taffin"]
[Result "1-0"]
[WhiteElo "2272"]
[BlackElo "2019"]
[PlyCount "63"]
[EventDate "2022.07.29"]
[EventType "team-swiss"]
[EventRounds "11"]
[EventCountry "IND"]
[SourceTitle "CBM 210"]
[Source "ChessBase"]
[SourceDate "2022.10.31"]
[SourceVersion "1"]
[SourceVersionDate "2022.10.31"]
[SourceQuality "1"]
[WhiteTeam "Jamaica"]
[BlackTeam "Guyana"]
[WhiteTeamCountry "JAM"]
[BlackTeamCountry "GUY"]

1. d4 Nf6 2. c4 e6 3. g3 d5 4. Bg2 c6 5. Nf3 Bd6 6. Qc2 Nbd7 7. 0-0 0-0 8. Nbd2 Qe7 9. Re1 Bb4 10. a3 Bxd2 11. Bxd2 Ne4 12. Bb4 c5 13. dxc5 a5 14. Bc3 Qxc5 15. Bd4 Qc7 16. Rac1 e5 17. Nxe5 Nxe5 18. cxd5 Qxc2 19. Rxc2 Bf5 20. Bxe5 Rfe8 21. Bc7 Nxf2 22. Rd2 Ne4 23. Rd4 Nc5 24. Rc4 Nd3 25. Rf1 Nxb2 26. Rcf4 Bg6 27. d6 Rxe2 28. R4f2 Rxf2 29. Rxf2 Nd3 30. d7 Nxf2 31. Kxf2 Bf5 32. Bxb7 1-0

[Event "Olympiad-44"]
[Site "Chennai"]
[Date "2022.07.30"]
[Round "2.1"]
[White "Khan, Taffin"]
[Black "Alfaro Caracas, William"]
[Result "0-1"]
[WhiteElo "2019"]
[BlackElo "2155"]
[PlyCount "136"]
[EventDate "2022.07.29"]
[EventType "team-swiss"]
[EventRounds "11"]
[EventCountry "IND"]
[SourceTitle "CBM 210"]
[Source "ChessBase"]
[SourceDate "2022.10.31"]
[SourceVersion "1"]
[SourceVersionDate "2022.10.31"]
[SourceQuality "1"]
[WhiteTeam "Guyana"]
[BlackTeam "Nicaragua"]
[WhiteTeamCountry "GUY"]
[BlackTeamCountry "NCA"]

1. e4 c5 2. Nf3 Nc6 3. Bb5 g6 4. 0-0 Bg7 5. Re1 Nf6 6. c3 0-0 7. d4 d5 8. e5 Ne4 9. Nbd2 Nxd2 10. Bxd2 Qb6 11. Bxc6 bxc6 12. Qc1 cxd4 13. cxd4 Bg4 14. Qc5 Bxf3 15. gxf3 Qxc5 16. dxc5 a5 17. b3 Rfb8 18. Rac1 e6 19. Rc2 Rb5 20. f4 Kf8 21. Re3 Rab8 22. a4 Rxb3 23. Rxb3 Rxb3 24. Bxa5 Ra3 25. Rb2 Bh6 26. Rb4 g5 27. fxg5 Bxg5 28. Kf1 Be7 29. Bb6 Rc3 30. Ba5 Rc1+ 31. Ke2 Bxc5 32. Rb8+ Kg7 33. Bd2 Rc2 34. Kd3 Ra2 35. a5 Bxf2 36. Bg5 c5 37. Bf6+ Kh6 38. Rg8 c4+ 39. Kc3 Be1+ 40. Kd4 Bxa5 41. Ke3 Bb6+ 42. Kf3 Rf2+ 43. Kg3 Rxf6 44. exf6 Bd4 45. Rg7 Bxf6 46. Rxf7 Kg6 47. Rd7 c3 48. Kf3 Be5 49. Ke3 Bxh2 50. Kd3 Be5 51. Re7 h5 52. Rxe6+ Bf6 53. Re2 h4 54. Rg2+ Kf5 55. Rf2+ Ke6 56. Re2+ Be5 57. Rf2 h3 58. Rf3 h2 59. Rf1 Bg3 60. Rh1 Ke5 61. Kxc3 Ke4 62. Kd2 d4 63. Ke2 d3+ 64. Kd2 Bf4+ 65. Kc3 Ke3 66. Re1+ Kf2 67. Rh1 Ke2 68. Rb1 Be3 0-1

[Event "Titled Tuesday intern op 05th Jul Early"]
[Site "Chess.com INT"]
[Date "2022.07.05"]
[Round "8"]
[White "Chen, Max"]
[Black "Khan, Taffin"]
[Result "1-0"]
[WhiteElo "2097"]
[BlackElo "2019"]
[PlyCount "95"]
[EventDate "2022.07.05"]
[EventType "swiss (blitz)"]
[EventRounds "11"]
[EventCountry "USA"]
[SourceTitle "CBM 209 Extra"]
[Source "ChessBase"]
[SourceDate "2022.09.30"]
[SourceVersion "1"]
[SourceVersionDate "2022.09.30"]
[SourceQuality "1"]

1. e4 c5 2. c3 d5 3. exd5 Qxd5 4. d4 Nf6 5. Nf3 Nc6 6. Be3 e6 7. Na3 cxd4 8. Nb5 Qd8 9. Nbxd4 Nxd4 10. Bxd4 Be7 11. Bd3 0-0 12. 0-0 Bd7 13. Bc2 Bc6 14. Ne5 Be4 15. Bxe4 Nxe4 16. Qf3 Nf6 17. Rad1 Qc7 18. Ng4 Nxg4 19. Qxg4 e5 20. Be3 f5 21. Qa4 Bf6 22. Rd7 Qc6 23. Qxc6 bxc6 24. Rfd1 a5 25. Bc5 Rfd8 26. Rxd8+ Rxd8 27. Rxd8+ Bxd8 28. a4 Kf7 29. Kf1 Ke6 30. c4 Be7 31. Bb6 Bb4 32. Ke2 c5 33. Ke3 g5 34. Bd8 h6 35. g3 Kd7 36. Bf6 Ke6 37. Bg7 h5 38. f3 Kd6 39. h3 Ke6 40. g4 hxg4 41. hxg4 fxg4 42. fxg4 Be1 43. Ke4 Bg3 44. Bh6 Bf4 45. Bf8 Bc1 46. b3 Bb2 47. Bxc5 Bc3 48. Be3 1-0

[Event "Titled Tuesday intern op 05th Jul Late"]
[Site "Chess.com INT"]
[Date "2022.07.05"]
[Round "8"]
[White "Dilmukhametov, Artur"]
[Black "Khan, Taffin"]
[Result "1-0"]
[WhiteElo "2276"]
[BlackElo "2019"]
[PlyCount "83"]
[EventDate "2022.07.05"]
[EventType "swiss (blitz)"]
[EventRounds "11"]
[EventCountry "USA"]
[SourceTitle "CBM 209 Extra"]
[Source "ChessBase"]
[SourceDate "2022.09.30"]
[SourceVersion "1"]
[SourceVersionDate "2022.09.30"]
[SourceQuality "1"]

1. e4 c5 2. Nf3 a6 3. c3 d5 4. exd5 Qxd5 5. d4 Nf6 6. Be2 e6 7. 0-0 Nc6 8. Be3 Be7 9. Na3 cxd4 10. Nxd4 Nxd4 11. Bxd4 0-0 12. Nc2 e5 13. Be3 Be6 14. Bf3 Qxd1 15. Rfxd1 Rab8 16. h3 Rfd8 17. Ba7 Rxd1+ 18. Rxd1 Ra8 19. Bb6 Rb8 20. Bc7 Rc8 21. Bxe5 Bxa2 22. Bxb7 Rc5 23. Bd4 Rb5 24. Bxa6 Rxb2 25. Ne3 Bb3 26. Ra1 h6 27. Bc4 Bxc4 28. Nxc4 Re2 29. Kf1 Re6 30. Re1 Kf8 31. Rxe6 fxe6 32. Ne5 Ke8 33. Ke2 Bd6 34. Kd3 Ke7 35. g3 g5 36. Nc6+ Kf7 37. Be5 Be7 38. Nxe7 Kxe7 39. Bxf6+ Kxf6 40. Ke4 e5 41. c4 Ke6 42. c5 1-0

[Event "Titled Tuesday intern op 05th Jul Early"]
[Site "Chess.com INT"]
[Date "2022.07.05"]
[Round "3"]
[White "Khan, Taffin"]
[Black "Hoang, Thi Bao Tram"]
[Result "1-0"]
[WhiteElo "2019"]
[BlackElo "2288"]
[PlyCount "43"]
[EventDate "2022.07.05"]
[EventType "swiss (blitz)"]
[EventRounds "11"]
[EventCountry "USA"]
[SourceTitle "CBM 209 Extra"]
[Source "ChessBase"]
[SourceDate "2022.09.30"]
[SourceVersion "1"]
[SourceVersionDate "2022.09.30"]
[SourceQuality "1"]

1. e4 c6 2. d4 d5 3. exd5 cxd5 4. c4 Nf6 5. Nc3 e6 6. Nf3 Be7 7. Be2 0-0 8. 0-0 b6 9. h3 Bb7 10. Bf4 Nbd7 11. cxd5 Nxd5 12. Nxd5 Bxd5 13. Bd3 Bf6 14. Re1 Qe7 15. Ne5 Rfd8 16. Rc1 Bxe5 17. dxe5 Qb4 18. Qh5 Qxf4 19. Qxh7+ Kf8 20. Rc7 Qg5 21. g3 Qg6 22. Bxg6 1-0

[Event "Titled Tuesday intern op 05th Jul Early"]
[Site "Chess.com INT"]
[Date "2022.07.05"]
[Round "4"]
[White "Khan, Taffin"]
[Black "Malek, Jan"]
[Result "0-1"]
[WhiteElo "2019"]
[BlackElo "2320"]
[PlyCount "68"]
[EventDate "2022.07.05"]
[EventType "swiss (blitz)"]
[EventRounds "11"]
[EventCountry "USA"]
[SourceTitle "CBM 209 Extra"]
[Source "ChessBase"]
[SourceDate "2022.09.30"]
[SourceVersion "1"]
[SourceVersionDate "2022.09.30"]
[SourceQuality "1"]

1. e4 c5 2. Nf3 Nc6 3. c3 e5 4. Bc4 Nf6 5. d3 Be7 6. 0-0 0-0 7. Bb3 h6 8. Re1 Re8 9. Nbd2 Bf8 10. Nf1 d5 11. exd5 Nxd5 12. Ne3 Be6 13. Nc4 f6 14. Ne3 Qd7 15. d4 e4 16. Nd2 f5 17. Nxd5 Bxd5 18. c4 Bf7 19. d5 Nd4 20. Nf1 Qc7 21. Be3 Qe5 22. Qd2 g5 23. Bxd4 cxd4 24. Rad1 Bc5 25. Ng3 e3 26. fxe3 dxe3 27. Qe2 f4 28. Nf1 Rad8 29. Kh1 Bg6 30. h3 Be4 31. Nh2 Qf5 32. Kg1 h5 33. Nf3 Bxf3 34. gxf3 Qxh3 0-1

[Event "Titled Tuesday intern op 05th Jul Late"]
[Site "Chess.com INT"]
[Date "2022.07.05"]
[Round "5"]
[White "Khan, Taffin"]
[Black "Prohorov, Olexandr"]
[Result "1-0"]
[WhiteElo "2019"]
[BlackElo "2086"]
[PlyCount "29"]
[EventDate "2022.07.05"]
[EventType "swiss (blitz)"]
[EventRounds "11"]
[EventCountry "USA"]
[SourceTitle "CBM 209 Extra"]
[Source "ChessBase"]
[SourceDate "2022.09.30"]
[SourceVersion "1"]
[SourceVersionDate "2022.09.30"]
[SourceQuality "1"]

1. e4 g6 2. d4 Bg7 3. Nc3 d6 4. Bf4 Nf6 5. Nf3 0-0 6. Qd2 c6 7. 0-0-0 b5 8. Bh6 Qc7 9. e5 dxe5 10. Nxe5 Nd5 11. Nxd5 cxd5 12. Bxb5 Bf5 13. Bd3 Bxd3 14. Nxd3 Nd7 15. Bxg7 1-0

[Event "Titled Tuesday intern op 05th Jul Late"]
[Site "Chess.com INT"]
[Date "2022.07.05"]
[Round "11"]
[White "Prydun, Andriy"]
[Black "Khan, Taffin"]
[Result "0-1"]
[WhiteElo "2129"]
[BlackElo "2019"]
[PlyCount "84"]
[EventDate "2022.07.05"]
[EventType "swiss (blitz)"]
[EventRounds "11"]
[EventCountry "USA"]
[SourceTitle "CBM 209 Extra"]
[Source "ChessBase"]
[SourceDate "2022.09.30"]
[SourceVersion "1"]
[SourceVersionDate "2022.09.30"]
[SourceQuality "1"]

1. d4 Nf6 2. Nc3 d5 3. Bf4 g6 4. e3 Bg7 5. Nb5 Na6 6. Nc3 c6 7. Bxa6 bxa6 8. Nf3 0-0 9. 0-0 Nh5 10. Be5 f6 11. Bg3 Nxg3 12. hxg3 e5 13. e4 dxe4 14. Nxe4 f5 15. Nc5 e4 16. Ne5 Qe8 17. Nc4 Qf7 18. b3 Be6 19. Nxe6 Qxe6 20. c3 Rad8 21. Qe2 g5 22. Rfe1 g4 23. Qe3 Bh6 24. Qe2 Qg6 25. Ne5 Qh5 26. Qc4+ Kh8 27. Qxc6 Bg7 28. Qxa6 Rf6 29. Qxa7 Rh6 30. Nf7+ Kg8 31. Nxh6+ Bxh6 32. Qc7 Rf8 33. Qe7 Bg5 34. Qe6+ Kg7 35. Qd7+ Rf7 36. Qe8 Bd2 37. Re2 Bxc3 38. Rd1 Qg5 39. d5 Rf6 40. d6 f4 41. d7 fxg3 42. fxg3 Qc5+ 0-1

[Event "Titled Tuesday intern op 05th Jul Early"]
[Site "Chess.com INT"]
[Date "2022.07.05"]
[Round "1"]
[White "Skawinski, Arkadiusz"]
[Black "Khan, Taffin"]
[Result "0-1"]
[WhiteElo "2359"]
[BlackElo "2019"]
[PlyCount "88"]
[EventDate "2022.07.05"]
[EventType "swiss (blitz)"]
[EventRounds "11"]
[EventCountry "USA"]
[SourceTitle "CBM 209 Extra"]
[Source "ChessBase"]
[SourceDate "2022.09.30"]
[SourceVersion "1"]
[SourceVersionDate "2022.09.30"]
[SourceQuality "1"]

1. e4 c5 2. Nf3 a6 3. c3 d5 4. exd5 Qxd5 5. d4 Nf6 6. Be3 e6 7. Bd3 Nc6 8. 0-0 cxd4 9. cxd4 Be7 10. Nc3 Qd8 11. a3 0-0 12. Qe2 Nd5 13. Nxd5 Qxd5 14. Rad1 Bf6 15. Bc4 Qh5 16. d5 exd5 17. Rxd5 Qg4 18. h3 Qe4 19. Nd2 Qe7 20. Qf3 Be6 21. Bc5 Bxd5 22. Qxd5 Qd8 23. Bxf8 Qxd5 24. Bxd5 Kxf8 25. Nc4 Rd8 26. Bxc6 bxc6 27. Rc1 c5 28. g3 Rb8 29. Rc2 Rd8 30. Kg2 Rd1 31. Ne3 Rd8 32. Rxc5 Bxb2 33. Ra5 Ra8 34. a4 Bc3 35. Rd5 a5 36. Kf3 Bb4 37. Nc4 g6 38. Rb5 Ra7 39. Ke4 Ke7 40. Ne5 Rc7 41. Kd5 Rc2 42. Rb7+ Ke8 43. Rxf7 Rd2+ 44. Ke6 Rd6# 0-1

[Event "Titled Tuesday intern op 28th Jun Late"]
[Site "Chess.com INT"]
[Date "2022.06.28"]
[Round "4"]
[White "Khan, Taffin"]
[Black "Federzoni, Enzo"]
[Result "1-0"]
[WhiteElo "2019"]
[BlackElo "2128"]
[PlyCount "73"]
[EventDate "2022.06.28"]
[EventType "swiss (blitz)"]
[EventRounds "11"]
[EventCountry "USA"]
[SourceTitle "CBM 209 Extra"]
[Source "ChessBase"]
[SourceDate "2022.09.30"]
[SourceVersion "1"]
[SourceVersionDate "2022.09.30"]
[SourceQuality "1"]

1. e4 c5 2. Nf3 d6 3. c3 Nf6 4. h3 Nc6 5. d4 cxd4 6. cxd4 g6 7. Nc3 d5 8. e5 Ne4 9. Bd3 Bf5 10. 0-0 Bg7 11. Qe2 Nxc3 12. bxc3 Bxd3 13. Qxd3 0-0 14. Nh2 Na5 15. f4 Nc4 16. g4 Rc8 17. a3 Qa5 18. Ra2 Nb6 19. Rc2 Na4 20. Bd2 Rc4 21. f5 Rfc8 22. Rf3 Qb5 23. Nf1 Qb3 24. Ne3 Qxa3 25. Nxc4 Rxc4 26. Rc1 Qb2 27. Rcf1 g5 28. h4 gxh4 29. g5 Qb6 30. f6 exf6 31. gxf6 Bf8 32. Rh3 Qb2 33. Rxh4 h6 34. Qg3+ Kh8 35. Bxh6 Rxd4 36. Bxf8+ Rxh4 37. Qg7# 1-0

[Event "Titled Tuesday intern op 28th Jun Late"]
[Site "Chess.com INT"]
[Date "2022.06.28"]
[Round "2"]
[White "Khan, Taffin"]
[Black "Zhu, Jiner"]
[Result "0-1"]
[WhiteElo "2019"]
[BlackElo "2464"]
[PlyCount "106"]
[EventDate "2022.06.28"]
[EventType "swiss (blitz)"]
[EventRounds "11"]
[EventCountry "USA"]
[SourceTitle "CBM 209 Extra"]
[Source "ChessBase"]
[SourceDate "2022.09.30"]
[SourceVersion "1"]
[SourceVersionDate "2022.09.30"]
[SourceQuality "1"]

1. e4 e5 2. Bc4 c6 3. d3 d5 4. Bb3 Nf6 5. Nd2 Bd6 6. Ngf3 0-0 7. 0-0 Re8 8. c3 Be6 9. Re1 Nbd7 10. Qe2 h6 11. Nf1 a5 12. Ng3 a4 13. Bc2 b5 14. h3 a3 15. b3 Qc7 16. Nh4 Bf8 17. Ngf5 Kh7 18. g4 g6 19. Ng3 Ng8 20. Ng2 Bg7 21. h4 dxe4 22. dxe4 Rad8 23. h5 Qd6 24. Be3 Qe7 25. Rad1 Ndf6 26. f3 Rxd1 27. Rxd1 Rd8 28. Rxd8 Qxd8 29. hxg6+ fxg6 30. Bc5 Bf8 31. Bxf8 Qxf8 32. Qe3 Nd7 33. Kf2 Bxg4 34. Ke2 Be6 35. f4 exf4 36. Nxf4 Bg4+ 37. Kd2 Ne5 38. Qa7+ Kh8 39. Ke3 Qd6 40. Qd4 Qxd4+ 41. Kxd4 Nf3+ 42. Kc5 g5 43. Ng6+ Kg7 44. e5 Ne1 45. Bb1 h5 46. Kxc6 h4 47. Ne4 Kxg6 48. Nf2+ Bf5 49. Bxf5+ Kxf5 50. Kxb5 g4 51. c4 g3 52. Nh3 Kxe5 53. c5 Ne7 0-1

[Event "Titled Tuesday intern op 21st Jun Early"]
[Site "Chess.com INT"]
[Date "2022.06.21"]
[Round "6"]
[White "De Souza, Cristiano Gomes"]
[Black "Khan, Taffin"]
[Result "0-1"]
[WhiteElo "2018"]
[BlackElo "2019"]
[PlyCount "46"]
[EventDate "2022.06.21"]
[EventType "swiss (blitz)"]
[EventRounds "11"]
[EventCountry "USA"]
[SourceTitle "EXT 2023"]
[Source "ChessBase"]
[SourceDate "2022.10.05"]
[SourceVersion "1"]
[SourceVersionDate "2022.10.05"]
[SourceQuality "1"]

1. d4 Nf6 2. c4 g6 3. Nc3 d5 4. Bf4 c6 5. Nf3 Bg7 6. e3 0-0 7. h3 Re8 8. Rc1 Nbd7 9. Ne5 Nxe5 10. dxe5 Nd7 11. cxd5 Nxe5 12. dxc6 Nxc6 13. Bb5 Qb6 14. Bxc6 bxc6 15. Qb3 Ba6 16. Qxb6 axb6 17. b3 c5 18. Bc7 b5 19. a4 Rec8 20. axb5 Bxc3+ 21. Rxc3 Bxb5 22. Rxc5 Ra1+ 23. Kd2 Rxh1 0-1

[Event "Online Olym Div4 E"]
[Site "Chess.com INT"]
[Date "2020.08.01"]
[Round "5.3"]
[White "Khan, Taffin"]
[Black "Ortiz, Marcos"]
[Result "0-1"]
[WhiteElo "1999"]
[BlackElo "2191"]
[PlyCount "106"]
[EventDate "2020.07.31"]
[EventType "team-tourn (rapid)"]
[EventRounds "9"]
[EventCountry "USA"]
[SourceTitle "CBM 198"]
[Source "ChessBase"]
[SourceDate "2020.10.31"]
[SourceVersion "1"]
[SourceVersionDate "2020.10.31"]
[SourceQuality "1"]
[WhiteTeam "Guyana"]
[BlackTeam "Nicaragua"]
[WhiteTeamCountry "GUY"]
[BlackTeamCountry "NCA"]

1. d4 Nf6 2. Nf3 g6 3. e3 Bg7 4. Bd3 0-0 5. 0-0 c5 6. c3 d6 7. h3 Qc7 8. e4 Nc6 9. d5 Ne5 10. Nxe5 dxe5 11. c4 Ne8 12. Nc3 Nd6 13. f4 Bd7 14. a4 a6 15. a5 e6 16. Qe2 Rae8 17. Ra3 f5 18. exf5 exf5 19. fxe5 Bxe5 20. Qc2 Bd4+ 21. Kh1 Ne4 22. Bf4 Ng3+ 23. Bxg3 Qxg3 24. Ne2 Qh4 25. Nxd4 Qxd4 26. Qc3 Qxc3 27. Rxc3 Re3 28. Rfc1 f4 29. Bf1 Rfe8 30. Kg1 Kg7 31. Kf2 Kf6 32. Rxe3 Rxe3 33. Re1 Rb3 34. Re2 Bf5 35. Rd2 Ke5 36. Be2 Kd6 37. Bd1 Re3 38. Re2 Rxe2+ 39. Kxe2 Ke5 40. Kf3 Bd3 41. Be2 Be4+ 42. Kf2 g5 43. Bf1 Bf5 44. Be2 Bd7 45. Bf1 h5 46. Be2 g4 47. hxg4 hxg4 48. Bf1 Ke4 49. Be2 g3+ 50. Ke1 Ke3 51. Kd1 Bh3 52. Bf3 Bxg2 53. Bxg2 f3 0-1

[Event "Olympiad-43"]
[Site "Batumi"]
[Date "2018.10.05"]
[Round "11.2"]
[White "Andriamasoandro, Miora Ismael"]
[Black "Khan, Taffin"]
[Result "0-1"]
[WhiteElo "2126"]
[BlackElo "1900"]
[PlyCount "102"]
[EventDate "2018.09.24"]
[EventType "team-swiss"]
[EventRounds "11"]
[EventCountry "GEO"]
[SourceTitle "CBM 187"]
[Source "ChessBase"]
[SourceDate "2018.12.11"]
[SourceVersion "1"]
[SourceVersionDate "2018.12.11"]
[SourceQuality "1"]
[WhiteTeam "Madagascar"]
[BlackTeam "Guyana"]
[WhiteTeamCountry "MAD"]
[BlackTeamCountry "GUY"]

1. d4 Nf6 2. Nf3 d6 3. Bf4 Nbd7 4. e3 Nh5 5. Bg5 h6 6. Bh4 g5 7. Nfd2 Ndf6 8. Bg3 Nxg3 9. hxg3 Bg7 10. Bd3 c6 11. c4 Qb6 12. Qc2 c5 13. dxc5 Qxc5 14. Nc3 Bd7 15. Nb3 Qc7 16. 0-0-0 Rc8 17. Kb1 a6 18. f4 Be6 19. Nd4 Bxc4 20. Nf5 Kf8 21. Bxc4 Qxc4 22. Rd4 Qc6 23. e4 Qc5 24. e5 dxe5 25. fxe5 e6 26. Nxg7 Qxd4 27. Nxe6+ fxe6 28. Qg6 Qxe5 29. Rf1 Ke7 30. Qg7+ Kd6 31. Rxf6 Rhf8 32. Rxf8 Qxg7 33. Rxc8 Qe5 34. Rd8+ Ke7 35. Rd2 Qxg3 36. Kc2 h5 37. Ne4 Qf4 38. Kd3 h4 39. Rf2 Qe5 40. Ke3 g4 41. g3 hxg3 42. Rg2 Qf5 43. Rxg3 e5 44. Kd3 Ke6 45. Ke3 Qf4+ 46. Kd3 Kf5 47. Nd6+ Kg6 48. Ne4 Qf1+ 49. Ke3 Qe1+ 50. Kd3 Kf5 51. Re3 Qb1+ 0-1